| 000 | 00460nam a22001937a 4500 | ||
|---|---|---|---|
| 003 | OSt | ||
| 005 | 20140410104340.0 | ||
| 008 | 140326b xxu||||| |||| 00| 0 eng d | ||
| 020 | _a043933215X | ||
| 050 |
_aPZ 7 _b.M818 2002 |
||
| 100 | _aMooney, E.S. | ||
| 245 |
_aShirnky Jinx / _cE.S. Mooney |
||
| 260 |
_aU.S.A : _bScholastic, _c2002. |
||
| 300 |
_a61 p. : _bcol. ill. ; _c20 cm. |
||
| 521 | _aBR | ||
| 526 | _cBR | ||
| 942 |
_2lcc _cBK |
||
| 999 |
_c48771 _d48771 |
||